[Event "Uppsala Young Champions 2016"]
[Site "Uppsala Schackcentrum, Sweden"]
[Date "2016.11.02"]
[Round "9.1"]
[White "Jogstad, Martin"]
[Black "Stefansson, Vignir Vatnar"]
[Result "0-1"]
[BlackElo "2163"]
[WhiteElo "2298"]
[LiveChessVersion "1.4.8"]

1. Nf3 {[%clk 1:30:56]} Nf6 {[%clk 1:30:41]} 2. e3 {[%clk 1:31:18]} b6
{[%clk 1:29:25]} 3. d4 {[%clk 1:31:35]} Bb7 {[%clk 1:29:48]} 4. Bd3
{[%clk 1:32:01]} e6 {[%clk 1:30:11]} 5. O-O {[%clk 1:32:20]} Be7 {[%clk 1:30:14]}
6. c4 {[%clk 1:32:35]} O-O {[%clk 1:30:29]} 7. Nc3 {[%clk 1:32:17]} d5
{[%clk 1:30:49]} 8. b3 {[%clk 1:26:48]} c5 {[%clk 1:30:10]} 9. cxd5
{[%clk 1:18:40]} exd5 {[%clk 1:28:55]} 10. Ba3 {[%clk 1:16:31]} Nbd7
{[%clk 1:28:10]} 11. Rc1 {[%clk 1:15:50]} Rc8 {[%clk 1:28:13]} 12. Bf5
{[%clk 1:14:26]} Re8 {[%clk 1:25:50]} 13. Ne5 {[%clk 1:06:52]} Rb8
{[%clk 1:14:30]} 14. Nxd7 {[%clk 0:54:32]} Nxd7 {[%clk 1:14:51]} 15. Na4
{[%clk 0:52:32]} cxd4 {[%clk 1:13:50]} 16. Bxe7 {[%clk 0:52:10]} Qxe7
{[%clk 1:13:16]} 17. Qxd4 {[%clk 0:52:29]} Ne5 {[%clk 1:11:47]} 18. Bh3
{[%clk 0:49:25]} Rbd8 {[%clk 1:11:11]} 19. Qc3 {[%clk 0:36:50]} Nc6
{[%clk 1:11:13]} 20. Rcd1 {[%clk 0:35:06]} Qh4 {[%clk 1:09:25]} 21. Nb2
{[%clk 0:29:13]} d4 {[%clk 1:05:16]} 22. Qc4 {[%clk 0:29:21]} Qf6
{[%clk 1:04:54]} 23. exd4 {[%clk 0:25:03]} Nxd4 {[%clk 1:05:08]} 24. Qc7
{[%clk 0:25:02]} Ba8 {[%clk 1:04:22]} 25. Nc4 {[%clk 0:23:26]} Ne2+
{[%clk 1:03:53]} 26. Kh1 {[%clk 0:23:02]} Rxd1 27. Rxd1 {[%clk 0:23:02]} Nc3
{[%clk 1:03:02]} 28. Rf1 {[%clk 0:19:39]} Ne4 {[%clk 1:01:17]} 29. Kg1
{[%clk 0:08:41]} Nxf2 {[%clk 0:58:09]} 30. Be6 {[%clk 0:08:23]} Qxe6
{[%clk 0:57:02]} 31. Rxf2 {[%clk 0:08:44]} Bd5 {[%clk 0:57:11]} 32. Nd6
{[%clk 0:07:15]} Qe1+ {[%clk 0:56:27]} 33. Rf1 {[%clk 0:07:44]} Qd2
{[%clk 0:56:09]} 34. Ne4 {[%clk 0:07:21]} Qd4+ {[%clk 0:55:54]} 35. Nf2
{[%clk 0:07:37]} h6 {[%clk 0:53:49]} 36. Qc2 {[%clk 0:07:04]} Qe3
{[%clk 0:53:48]} 37. Qf5 {[%clk 0:03:18]} Bb7 {[%clk 0:53:43]} 38. Kh1
{[%clk 0:02:12]} Qe2 {[%clk 0:53:23]} 39. Qd3 {[%clk 0:00:50]} Qxd3
{[%clk 0:53:47]} 40. Nxd3 {[%clk 0:01:19]} Ba6 {[%clk 0:54:05]} 41. Re1
{[%clk 0:01:33]} Rd8 {[%clk 0:54:08]} 42. Nb4 {[%clk 0:01:29]} Bb7
{[%clk 0:54:33]} 43. Kg1 {[%clk 0:01:28]} a5 {[%clk 0:54:38]} 44. Re7
{[%clk 0:00:57]} Bxg2 {[%clk 0:53:01]} 45. Kxg2 {[%clk 0:01:25]} axb4
{[%clk 0:53:22]} 46. Rb7 {[%clk 0:00:39]} Rd6 {[%clk 0:53:27]} 47. Kg3
{[%clk 0:00:56]} g5 {[%clk 0:53:45]} 48. Rb8+ {[%clk 0:00:35]} Kg7
{[%clk 0:54:14]} 49. Rb7 {[%clk 0:01:00]} Kg6 {[%clk 0:54:35]} 50. Rb8
{[%clk 0:01:26]} f5 {[%clk 0:54:39]} 51. h4 {[%clk 0:00:53]} f4+ {[%clk 0:53:25]}
52. Kf3 {[%clk 0:01:22]} Kf5 {[%clk 0:53:35]} 53. hxg5 {[%clk 0:01:36]} hxg5
{[%clk 0:54:04]} 54. Rf8+ {[%clk 0:01:57]} Rf6 {[%clk 0:54:34]} 55. Rg8
{[%clk 0:02:13]} Rf7 {[%clk 0:54:39]} 56. Rd8 {[%clk 0:02:19]} g4+
{[%clk 0:55:04]} 57. Kf2 {[%clk 0:02:40]} Rh7 {[%clk 0:53:55]} 58. Rf8+
{[%clk 0:02:50]} Ke4 {[%clk 0:54:19]} 59. Re8+ {[%clk 0:03:19]} Kd3
{[%clk 0:54:32]} 60. Rd8+ {[%clk 0:03:43]} Kc3 {[%clk 0:54:38]} 61. Rc8+
{[%clk 0:04:07]} Kb2 {[%clk 0:54:30]} 62. Rc4 {[%clk 0:04:32]} g3+
{[%clk 0:54:48]} 63. Kg1 {[%clk 0:02:19]} f3 {[%clk 0:54:18]} 64. Rf4
{[%clk 0:02:47]} f2+ {[%clk 0:54:27]} 65. Kg2 {[%clk 0:03:15]} Rg7
{[%clk 0:54:42]} 66. Re4 {[%clk 0:00:31]} Rf7 {[%clk 0:55:01]} 67. Re2+
{[%clk 0:00:41]} Ka3 {[%clk 0:55:22]} 0-1

[Event "Uppsala Young Champions 2016"]
[Site "Uppsala Schackcentrum, Sweden"]
[Date "2016.11.02"]
[Round "9.2"]
[White "Ragnarsson, Dagur"]
[Black "Seo, Jung Min"]
[Result "1-0"]
[BlackElo "2131"]
[WhiteElo "2232"]
[LiveChessVersion "1.4.8"]

1. d4 {[%clk 1:28:59]} Nf6 {[%clk 1:30:45]} 2. c4 {[%clk 1:28:56]} e6
{[%clk 1:30:53]} 3. Nc3 {[%clk 1:29:18]} d5 {[%clk 1:30:41]} 4. cxd5
{[%clk 1:29:34]} Nxd5 {[%clk 1:31:02]} 5. e4 {[%clk 1:29:52]} Nxc3
{[%clk 1:31:28]} 6. bxc3 {[%clk 1:30:17]} c5 {[%clk 1:31:52]} 7. Nf3
{[%clk 1:30:42]} cxd4 {[%clk 1:32:01]} 8. cxd4 {[%clk 1:31:07]} Bb4+
{[%clk 1:32:28]} 9. Bd2 {[%clk 1:31:30]} Bxd2+ {[%clk 1:32:15]} 10. Qxd2
{[%clk 1:31:53]} O-O {[%clk 1:32:40]} 11. Bc4 {[%clk 1:29:08]} Qe7
{[%clk 1:30:13]} 12. O-O {[%clk 1:28:48]} b6 {[%clk 1:27:38]} 13. Rfb1
{[%clk 1:24:33]} Bb7 {[%clk 1:21:07]} 14. Qe3 {[%clk 1:23:37]} Nd7
{[%clk 1:14:08]} 15. a4 {[%clk 1:19:22]} Rfc8 {[%clk 1:09:03]} 16. Bb5
{[%clk 1:19:43]} Nf6 {[%clk 1:06:53]} 17. Nd2 {[%clk 1:20:07]} Qc7
{[%clk 1:05:05]} 18. f3 {[%clk 1:14:32]} Rd8 {[%clk 1:00:34]} 19. Nb3
{[%clk 1:11:48]} Rac8 {[%clk 0:57:47]} 20. a5 {[%clk 1:11:59]} Ne8
{[%clk 0:54:32]} 21. axb6 {[%clk 1:10:42]} axb6 {[%clk 0:54:32]} 22. Rc1
{[%clk 1:00:07]} Qb8 {[%clk 0:48:59]} 23. Qg5 {[%clk 0:54:17]} Qd6
{[%clk 0:43:03]} 24. Bxe8 {[%clk 0:46:50]} Rxe8 {[%clk 0:43:28]} 25. Qb5
{[%clk 0:44:52]} Rxc1+ {[%clk 0:38:46]} 26. Rxc1 Ra8 27. Qc4 {[%clk 0:40:51]} h6
{[%clk 0:34:33]} 28. Qc7 {[%clk 0:38:14]} Qxc7 {[%clk 0:34:55]} 29. Rxc7
{[%clk 0:38:40]} Ra3 {[%clk 0:33:52]} 30. Nc1 {[%clk 0:30:17]} Ba6
{[%clk 0:27:17]} 31. Kf2 {[%clk 0:30:17]} Bd3 {[%clk 0:27:17]} 32. d5
{[%clk 0:29:28]} exd5 {[%clk 0:27:43]} 33. exd5 {[%clk 0:29:53]} Bb5
{[%clk 0:27:05]} 34. d6 {[%clk 0:29:05]} Ra8 {[%clk 0:26:55]} 35. d7
{[%clk 0:29:06]} Ba6 {[%clk 0:27:14]} 36. Ra7 {[%clk 0:29:21]} 1-0

[Event "Uppsala Young Champions 2016"]
[Site "Uppsala Schackcentrum, Sweden"]
[Date "2016.11.02"]
[Round "9.3"]
[White "Johannesson, Oliver Aron"]
[Black "Keinänen, Toivo"]
[Result "0-1"]
[BlackElo "2345"]
[WhiteElo "2263"]
[LiveChessVersion "1.4.8"]

1. d4 {[%clk 1:30:05]} d5 {[%clk 1:30:58]} 2. c4 {[%clk 1:29:45]} e6
{[%clk 1:31:24]} 3. Nc3 {[%clk 1:30:09]} Be7 {[%clk 1:31:51]} 4. cxd5
{[%clk 1:30:15]} exd5 {[%clk 1:32:20]} 5. Bf4 {[%clk 1:30:34]} c6
{[%clk 1:32:49]} 6. e3 {[%clk 1:30:56]} Bf5 {[%clk 1:33:14]} 7. g4
{[%clk 1:31:16]} Be6 {[%clk 1:33:43]} 8. h4 {[%clk 1:30:42]} Nd7 {[%clk 1:34:10]}
9. Bg3 {[%clk 1:28:27]} Qb6 {[%clk 1:25:13]} 10. Rb1 {[%clk 1:20:28]} Ngf6
{[%clk 1:23:46]} 11. f3 {[%clk 1:17:24]} c5 {[%clk 1:16:17]} 12. Nge2
{[%clk 1:06:48]} O-O 13. Nf4 {[%clk 0:59:21]} cxd4 {[%clk 1:01:14]} 14. exd4
{[%clk 0:59:30]} Bd6 {[%clk 1:00:45]} 15. Bd3 {[%clk 0:56:30]} Rfe8
{[%clk 0:57:13]} 16. Kf1 {[%clk 0:56:07]} Nf8 {[%clk 0:55:46]} 17. Kg2
{[%clk 0:44:30]} Rac8 {[%clk 0:48:33]} 18. Qd2 {[%clk 0:42:41]} a6
{[%clk 0:40:23]} 19. a3 {[%clk 0:33:39]} Ng6 {[%clk 0:37:49]} 20. h5
{[%clk 0:30:02]} Nxf4+ {[%clk 0:37:50]} 21. Bxf4 {[%clk 0:30:26]} Nd7
{[%clk 0:34:45]} 22. Ne2 {[%clk 0:25:28]} Bxf4 {[%clk 0:32:53]} 23. Nxf4
{[%clk 0:24:34]} Qd6 {[%clk 0:30:56]} 24. g5 {[%clk 0:19:56]} Nf8
{[%clk 0:28:43]} 25. Rbe1 {[%clk 0:18:55]} Qd8 26. Ne2 {[%clk 0:18:05]} f6
{[%clk 0:24:42]} 27. g6 {[%clk 0:16:48]} h6 {[%clk 0:24:38]} 28. Nf4
{[%clk 0:15:25]} Qb6 {[%clk 0:18:50]} 29. Qb4 {[%clk 0:13:03]} Qc6
{[%clk 0:14:01]} 30. Rc1 {[%clk 0:08:35]} Qd7 {[%clk 0:11:48]} 31. Bb1
{[%clk 0:08:25]} Kh8 {[%clk 0:07:32]} 32. Ba2 Bg8 {[%clk 0:07:27]} 33. Bb1
{[%clk 0:04:13]} Rxc1 {[%clk 0:06:12]} 34. Rxc1 {[%clk 0:04:41]} Ne6
{[%clk 0:06:07]} 35. Ne2 {[%clk 0:04:58]} Ng5 {[%clk 0:05:05]} 36. Nf4
{[%clk 0:05:22]} Ne6 {[%clk 0:04:46]} 37. Ne2 {[%clk 0:04:10]} Nd8
{[%clk 0:04:16]} 38. Ng3 {[%clk 0:03:58]} Ne6 {[%clk 0:02:44]} 39. Ne2
{[%clk 0:00:59]} Ng5 {[%clk 0:02:49]} 40. Nf4 {[%clk 0:01:25]} Be6 41. Qc5 Bg8
{[%clk 0:01:42]} 42. Qb4 {[%clk 0:00:31]} Re3 {[%clk 0:01:08]} 43. Rf1
{[%clk 0:00:33]} Qc7 {[%clk 0:01:21]} 44. Nd3 {[%clk 0:00:37]} Re2+
{[%clk 0:01:29]} 45. Rf2 {[%clk 0:00:55]} Rxf2+ {[%clk 0:01:50]} 46. Nxf2
{[%clk 0:01:16]} Qf4 {[%clk 0:01:59]} 47. Qc3 {[%clk 0:01:22]} Ne6
{[%clk 0:01:52]} 48. Nh3 {[%clk 0:00:57]} Qh4 {[%clk 0:01:28]} 49. Bf5
{[%clk 0:00:32]} Ng5 {[%clk 0:00:34]} 50. Bg4 {[%clk 0:00:33]} Nxh3
{[%clk 0:00:52]} 51. Bxh3 {[%clk 0:00:56]} Qxh5 {[%clk 0:01:02]} 52. Qc2
{[%clk 0:00:44]} Qg5+ {[%clk 0:01:28]} 53. Kf2 {[%clk 0:00:58]} Qh4+
{[%clk 0:01:55]} 54. Kg2 {[%clk 0:01:23]} Qxd4 {[%clk 0:02:13]} 55. Qc8
{[%clk 0:01:14]} Qd2+ {[%clk 0:02:35]} 56. Kg3 {[%clk 0:01:24]} d4
{[%clk 0:02:32]} 57. Bf5 {[%clk 0:01:11]} d3 {[%clk 0:02:09]} 58. Qd7
{[%clk 0:01:00]} Qe1+ {[%clk 0:02:21]} 59. Kg2 {[%clk 0:01:23]} d2
{[%clk 0:02:22]} 60. Bc2 {[%clk 0:01:35]} Qe2+ {[%clk 0:02:32]} 61. Kg3
{[%clk 0:01:46]} Qe5+ {[%clk 0:02:47]} 62. Kg2 {[%clk 0:01:50]} Qg5+
{[%clk 0:02:26]} 63. Kf2 {[%clk 0:02:19]} Qc5+ {[%clk 0:02:49]} 64. Qe6 0-1

[Event "Uppsala Young Champions 2016"]
[Site "Uppsala Schackcentrum, Sweden"]
[Date "2016.11.02"]
[Round "9.4"]
[White "Storme, Isak"]
[Black "Tuomainen, Felix"]
[Result "1/2-1/2"]
[BlackElo "2198"]
[WhiteElo "2153"]
[LiveChessVersion "1.4.8"]

1. e4 {[%clk 1:30:53]} e5 {[%clk 1:29:46]} 2. Nc3 {[%clk 1:29:54]} Nf6
{[%clk 1:25:41]} 3. f4 {[%clk 1:29:20]} d5 {[%clk 1:16:19]} 4. fxe5
{[%clk 1:29:45]} Nxe4 {[%clk 1:14:51]} 5. Qf3 {[%clk 1:29:55]} Nxc3
{[%clk 1:11:49]} 6. bxc3 {[%clk 1:29:32]} Be7 {[%clk 1:09:51]} 7. d4
{[%clk 1:29:42]} O-O {[%clk 1:06:21]} 8. Bd3 {[%clk 1:30:01]} f6 {[%clk 1:00:00]}
9. Qh5 {[%clk 1:29:24]} g6 {[%clk 0:57:05]} 10. Bxg6 {[%clk 1:27:41]} hxg6
{[%clk 0:57:07]} 11. Qxg6+ {[%clk 1:28:05]} Kh8 {[%clk 0:57:34]} 12. Qh6+
{[%clk 1:28:14]} Kg8 {[%clk 0:57:57]} 13. Qg6+ {[%clk 1:28:40]} Kh8
{[%clk 0:58:22]} 14. Nf3 {[%clk 1:05:23]} Qe8 {[%clk 0:49:47]} 15. Qh6+
{[%clk 1:05:35]} Kg8 {[%clk 0:50:10]} 16. e6 {[%clk 0:50:00]} Bxe6
{[%clk 0:45:52]} 17. Nh4 {[%clk 0:47:59]} Rf7 {[%clk 0:40:00]} 18. Qg6+
{[%clk 0:45:46]} Kh8 {[%clk 0:40:19]} 19. Qh5+ {[%clk 0:45:31]} Kg8
{[%clk 0:40:33]} 20. Qg6+ {[%clk 0:45:36]} Kh8 {[%clk 0:41:01]} 21. Qh5+
{[%clk 0:45:52]} Kg8 {[%clk 0:41:28]} 22. Qg6+ {[%clk 0:46:12]} Kh8 1/2-1/2

[Event "Uppsala Young Champions 2016"]
[Site "Uppsala Schackcentrum, Sweden"]
[Date "2016.11.02"]
[Round "9.5"]
[White "Cardenas, William"]
[Black "Buchert, Vitus"]
[Result "1-0"]
[BlackElo "1782"]
[WhiteElo "1986"]
[LiveChessVersion "1.4.8"]

1. d4 {[%clk 1:30:48]} Nf6 {[%clk 1:30:55]} 2. Nf3 {[%clk 1:31:14]} c5
{[%clk 1:31:12]} 3. e3 d6 {[%clk 1:30:28]} 4. Bd3 {[%clk 1:31:31]} g6
{[%clk 1:30:51]} 5. O-O {[%clk 1:31:28]} Bg7 {[%clk 1:31:15]} 6. b3
{[%clk 1:31:19]} O-O {[%clk 1:31:34]} 7. Bb2 {[%clk 1:31:43]} b6 {[%clk 1:31:57]}
8. c4 {[%clk 1:31:39]} Bb7 {[%clk 1:32:22]} 9. Nc3 {[%clk 1:32:03]} Nbd7
{[%clk 1:32:39]} 10. Be2 {[%clk 1:23:05]} cxd4 {[%clk 1:29:40]} 11. Nxd4
{[%clk 1:22:57]} d5 {[%clk 1:29:20]} 12. cxd5 {[%clk 1:20:28]} Nxd5
{[%clk 1:29:37]} 13. Rc1 {[%clk 1:11:19]} N7f6 {[%clk 1:28:10]} 14. Nxd5
{[%clk 1:05:16]} Nxd5 {[%clk 1:27:17]} 15. Nc6 {[%clk 0:55:15]} Bxc6
{[%clk 1:23:13]} 16. Bxg7 {[%clk 0:55:37]} Kxg7 {[%clk 1:23:36]} 17. Rxc6
{[%clk 0:55:50]} Nb4 {[%clk 1:21:46]} 18. Qa1+ {[%clk 0:55:47]} f6
{[%clk 1:22:06]} 19. Rc4 {[%clk 0:56:03]} Na6 {[%clk 1:17:34]} 20. Rd4
{[%clk 0:55:22]} Qc8 {[%clk 1:17:04]} 21. Rc1 {[%clk 0:55:48]} Qb7
{[%clk 1:17:22]} 22. Bf3 Qb8 1-0

[Event "Uppsala Young Champions 2016"]
[Site "Uppsala Schackcentrum, Sweden"]
[Date "2016.11.02"]
[Round "9.6"]
[White "Emmoth, Alfons"]
[Black "Aira, Leonardo"]
[Result "1-0"]
[BlackElo "1861"]
[WhiteElo "1899"]
[LiveChessVersion "1.4.8"]

1. d4 {[%clk 1:30:58]} d5 {[%clk 1:30:49]} 2. c4 {[%clk 1:31:21]} e6
{[%clk 1:31:12]} 3. Nc3 {[%clk 1:31:43]} Be7 {[%clk 1:31:31]} 4. Nf3
{[%clk 1:31:42]} Nf6 {[%clk 1:31:12]} 5. Bg5 {[%clk 1:31:31]} O-O
{[%clk 1:30:53]} 6. e3 {[%clk 1:31:29]} c6 {[%clk 1:27:38]} 7. Rc1
{[%clk 1:30:43]} Nbd7 {[%clk 1:27:08]} 8. Bd3 {[%clk 1:30:29]} dxc4
{[%clk 1:26:18]} 9. Bxc4 {[%clk 1:30:51]} Nd5 {[%clk 1:26:02]} 10. Bxe7
{[%clk 1:30:46]} Qxe7 {[%clk 1:26:23]} 11. O-O {[%clk 1:30:22]} N5b6
{[%clk 1:20:08]} 12. Bb3 {[%clk 1:26:09]} e5 {[%clk 1:17:31]} 13. Re1
{[%clk 1:22:59]} e4 {[%clk 1:11:50]} 14. Nd2 {[%clk 1:11:59]} Nf6
{[%clk 1:12:05]} 15. Qc2 {[%clk 1:01:48]} Bf5 {[%clk 1:01:28]} 16. Qb1
{[%clk 0:46:55]} Bg6 {[%clk 0:54:28]} 17. a3 {[%clk 0:41:38]} Rad8
{[%clk 0:46:53]} 18. Nf1 {[%clk 0:34:22]} Kh8 {[%clk 0:34:32]} 19. Ng3
{[%clk 0:30:18]} Rfe8 {[%clk 0:24:46]} 20. Nge2 {[%clk 0:27:04]} Nfd5
{[%clk 0:22:54]} 21. Nxd5 {[%clk 0:26:24]} Nxd5 {[%clk 0:23:10]} 22. Rc5
{[%clk 0:25:31]} Rd6 {[%clk 0:21:08]} 23. Rec1 {[%clk 0:22:01]} Bh5
{[%clk 0:15:39]} 24. Nc3 {[%clk 0:16:30]} Nxc3 {[%clk 0:14:58]} 25. R1xc3
{[%clk 0:15:49]} Qh4 {[%clk 0:14:10]} 26. Bd1 {[%clk 0:13:01]} Bxd1 27. Qxd1
{[%clk 0:13:30]} Rh6 {[%clk 0:02:22]} 28. h3 {[%clk 0:12:55]} Ree6
{[%clk 0:01:43]} 29. Qf1 {[%clk 0:10:59]} Reg6 {[%clk 0:00:56]} 30. Re5
{[%clk 0:08:56]} Re6 {[%clk 0:00:49]} 31. g3 {[%clk 0:08:25]} Qxh3
{[%clk 0:00:45]} 32. Qxh3 {[%clk 0:08:48]} Rxh3 {[%clk 0:01:08]} 33. Rxe6
{[%clk 0:09:10]} fxe6 {[%clk 0:01:36]} 34. Rb3 {[%clk 0:08:56]} b6
{[%clk 0:00:32]} 35. Rc3 {[%clk 0:09:17]} h6 {[%clk 0:00:33]} 36. Rxc6
{[%clk 0:09:34]} Rh5 {[%clk 0:00:34]} 37. Rxe6 {[%clk 0:08:09]} Rb5
{[%clk 0:00:49]} 38. b4 {[%clk 0:08:06]} a5 {[%clk 0:00:47]} 39. bxa5
{[%clk 0:08:05]} bxa5 {[%clk 0:00:47]} 40. Ra6 {[%clk 0:07:34]} Kg8
{[%clk 0:00:45]} 41. a4 {[%clk 0:07:10]} Rd5 {[%clk 0:00:43]} 42. Re6
{[%clk 0:06:57]} Kf7 {[%clk 0:00:36]} 43. Rxe4 {[%clk 0:06:57]} Rd6
{[%clk 0:00:34]} 44. Re5 {[%clk 0:07:18]} Ra6 {[%clk 0:01:00]} 45. f4
{[%clk 0:07:36]} Kf6 {[%clk 0:01:09]} 46. Kf2 {[%clk 0:07:31]} Kf7
{[%clk 0:00:57]} 47. Kf3 {[%clk 0:07:42]} Kf6 {[%clk 0:01:19]} 48. g4
{[%clk 0:06:31]} Kf7 {[%clk 0:01:40]} 49. f5 {[%clk 0:06:28]} Ra7
{[%clk 0:01:36]} 50. Kf4 {[%clk 0:06:33]} Kf6 {[%clk 0:01:53]} 51. Re6+
{[%clk 0:06:26]} Kf7 {[%clk 0:02:17]} 52. g5 {[%clk 0:06:39]} hxg5+
{[%clk 0:02:42]} 53. Kxg5 {[%clk 0:07:04]} Ra8 {[%clk 0:02:54]} 54. Re5
{[%clk 0:07:06]} Ra7 {[%clk 0:03:12]} 55. Kf4 {[%clk 0:06:49]} Kf6
{[%clk 0:03:24]} 56. Ke4 {[%clk 0:07:05]} Kf7 {[%clk 0:03:43]} 1-0

[Event "Uppsala Young Champions 2016"]
[Site "Uppsala Schackcentrum, Sweden"]
[Date "2016.11.02"]
[Round "9.7"]
[White "Crevatin, Leo"]
[Black "Carlsson, Ludvig"]
[Result "0-1"]
[BlackElo "2013"]
[WhiteElo "2030"]
[LiveChessVersion "1.4.8"]

1. d4 {[%clk 1:30:59]} g6 {[%clk 1:30:33]} 2. c4 {[%clk 1:31:06]} Nf6
{[%clk 1:30:54]} 3. Nc3 {[%clk 1:31:30]} d5 {[%clk 1:31:10]} 4. cxd5
{[%clk 1:31:22]} Nxd5 {[%clk 1:31:33]} 5. e4 {[%clk 1:31:48]} Nxc3
{[%clk 1:31:59]} 6. bxc3 {[%clk 1:32:15]} Bg7 {[%clk 1:32:22]} 7. Bc4
{[%clk 1:32:42]} c5 {[%clk 1:32:40]} 8. Ne2 {[%clk 1:33:00]} O-O {[%clk 1:33:03]}
9. Be3 {[%clk 1:33:29]} Nc6 {[%clk 1:33:27]} 10. O-O {[%clk 1:33:44]} Na5
{[%clk 1:33:15]} 11. Bd3 {[%clk 1:33:28]} cxd4 {[%clk 1:33:38]} 12. cxd4
{[%clk 1:33:07]} b6 {[%clk 1:34:02]} 13. Rc1 {[%clk 1:31:47]} Bb7
{[%clk 1:34:24]} 14. Qd2 {[%clk 1:30:54]} Qd7 {[%clk 1:32:32]} 15. f4
{[%clk 1:25:22]} Rac8 {[%clk 1:29:59]} 16. h3 {[%clk 1:19:15]} Qa4
{[%clk 1:27:03]} 17. Nc3 {[%clk 1:17:25]} Qb4 {[%clk 1:27:28]} 18. Ne2
{[%clk 1:12:58]} Qa4 {[%clk 1:26:22]} 19. Nc3 {[%clk 1:13:16]} Qb4
{[%clk 1:26:50]} 20. Ne2 {[%clk 1:13:34]} Qxd2 {[%clk 1:27:17]} 21. Bxd2
{[%clk 1:13:14]} Nc6 {[%clk 1:27:40]} 22. e5 {[%clk 1:03:11]} Rfd8
{[%clk 1:25:59]} 23. Bc3 {[%clk 1:02:39]} e6 {[%clk 1:25:17]} 24. Kf2
{[%clk 0:57:01]} Bf8 {[%clk 1:24:46]} 25. Rb1 {[%clk 0:49:39]} Rc7
{[%clk 1:20:52]} 26. Rfc1 {[%clk 0:44:38]} Rdc8 {[%clk 1:21:16]} 27. Bd2
{[%clk 0:43:53]} Bb4 {[%clk 1:18:17]} 28. Bxb4 {[%clk 0:37:48]} Nxb4
{[%clk 1:18:42]} 29. Rxb4 {[%clk 0:37:52]} Rxc1 {[%clk 1:19:07]} 30. Nxc1
{[%clk 0:38:20]} Rxc1 {[%clk 1:19:30]} 31. a4 {[%clk 0:34:26]} Rd1
{[%clk 1:17:57]} 32. Be2 {[%clk 0:33:26]} Rd2 {[%clk 1:18:11]} 33. Ke3
{[%clk 0:33:16]} Ra2 {[%clk 1:17:44]} 34. Bf3 {[%clk 0:31:59]} Ra3+
{[%clk 1:16:34]} 35. Kf2 {[%clk 0:32:28]} Bxf3 {[%clk 1:16:56]} 36. gxf3
{[%clk 0:32:57]} Ra2+ {[%clk 1:17:07]} 37. Kg3 {[%clk 0:29:30]} Kf8
{[%clk 1:17:26]} 38. Rc4 {[%clk 0:29:17]} Ke8 {[%clk 1:17:19]} 39. f5
{[%clk 0:25:52]} Kd7 {[%clk 1:12:32]} 40. fxe6+ {[%clk 0:25:36]} fxe6
{[%clk 1:12:53]} 41. Kf4 {[%clk 0:24:17]} h6 {[%clk 1:13:00]} 42. Ke4
{[%clk 0:23:14]} Re2+ {[%clk 1:11:00]} 43. Kf4 {[%clk 0:19:44]} Rh2
{[%clk 1:11:19]} 44. Kg3 {[%clk 0:19:18]} Rb2 {[%clk 1:11:42]} 45. Kf4
{[%clk 0:18:28]} a5 {[%clk 1:11:38]} 46. Ke4 {[%clk 0:18:25]} Re2+
{[%clk 1:12:03]} 47. Kf4 {[%clk 0:17:50]} Rh2 {[%clk 1:12:27]} 48. Rc2
{[%clk 0:13:37]} 0-1

[Event "Uppsala Young Champions 2016"]
[Site "Uppsala Schackcentrum, Sweden"]
[Date "2016.11.02"]
[Round "9.8"]
[White "Nilsson, Joakim"]
[Black "Mitra, Akash"]
[Result "1-0"]
[BlackElo "1515"]
[WhiteElo "2059"]
[LiveChessVersion "1.4.8"]

1. Nf3 {[%clk 1:30:58]} Nf6 {[%clk 1:30:47]} 2. c4 {[%clk 1:31:22]} e6
{[%clk 1:30:00]} 3. d4 {[%clk 1:31:42]} Bb4+ {[%clk 1:30:20]} 4. Bd2
{[%clk 1:31:58]} Bxd2+ {[%clk 1:30:36]} 5. Nbxd2 {[%clk 1:32:16]} d6
{[%clk 1:29:48]} 6. g3 {[%clk 1:30:18]} Nbd7 {[%clk 1:28:59]} 7. Bg2
{[%clk 1:30:37]} O-O {[%clk 1:28:58]} 8. O-O {[%clk 1:30:53]} Re8
{[%clk 1:27:50]} 9. Rc1 {[%clk 1:28:17]} a5 {[%clk 1:26:34]} 10. c5
{[%clk 1:27:33]} d5 {[%clk 1:21:56]} 11. Qc2 {[%clk 1:15:18]} c6 {[%clk 1:19:37]}
12. e4 {[%clk 1:15:22]} dxe4 {[%clk 1:16:14]} 13. Nxe4 {[%clk 1:15:31]} Nxe4
{[%clk 1:16:01]} 14. Qxe4 {[%clk 1:15:56]} Nf6 {[%clk 1:15:48]} 15. Qe2
{[%clk 1:15:23]} b6 {[%clk 1:12:43]} 16. Rfd1 {[%clk 1:13:50]} Nd5
{[%clk 1:04:10]} 17. Ne5 {[%clk 1:12:50]} Bb7 {[%clk 1:03:18]} 18. Be4
{[%clk 1:06:31]} f6 {[%clk 0:56:53]} 19. Nf3 {[%clk 1:02:01]} b5 {[%clk 0:54:47]}
20. Bb1 {[%clk 0:59:12]} Qe7 {[%clk 0:50:54]} 21. Re1 {[%clk 0:58:11]} Qf7
{[%clk 0:48:12]} 22. Qd3 {[%clk 0:46:12]} g6 {[%clk 0:46:30]} 23. h4
{[%clk 0:43:26]} Re7 {[%clk 0:41:10]} 24. Nh2 {[%clk 0:42:36]} Rae8
{[%clk 0:36:51]} 25. Ng4 {[%clk 0:42:43]} Qg7 {[%clk 0:36:42]} 26. a3
{[%clk 0:41:03]} Bc8 {[%clk 0:35:21]} 27. Qf3 {[%clk 0:40:19]} h5
{[%clk 0:29:17]} 28. Ne3 {[%clk 0:39:56]} Nxe3 {[%clk 0:27:11]} 29. Rxe3
{[%clk 0:40:01]} Bb7 30. Rce1 {[%clk 0:39:58]} f5 {[%clk 0:25:03]} 31. Qf4
{[%clk 0:39:31]} Kh7 {[%clk 0:21:35]} 32. Ba2 {[%clk 0:39:07]} Bc8
{[%clk 0:14:36]} 33. Qd6 {[%clk 0:38:11]} Bd7 {[%clk 0:13:47]} 34. R1e2
{[%clk 0:37:54]} Kh6 {[%clk 0:05:49]} 35. d5 {[%clk 0:37:52]} cxd5
{[%clk 0:03:31]} 36. Bxd5 {[%clk 0:37:55]} e5 {[%clk 0:03:43]} 37. c6
{[%clk 0:36:33]} Bc8 {[%clk 0:03:23]} 38. Qc5 {[%clk 0:36:16]} Ra7
{[%clk 0:01:20]} 39. Re1 {[%clk 0:34:53]} e4 {[%clk 0:00:31]} 40. Qxb5
{[%clk 0:33:53]} Ba6 {[%clk 0:00:35]} 41. Qc5 {[%clk 0:34:15]} Raa8
{[%clk 0:00:43]} 42. b4 {[%clk 0:34:11]} axb4 {[%clk 0:00:36]} 43. axb4
{[%clk 0:34:26]} Rab8 {[%clk 0:00:33]} 44. Bc4 {[%clk 0:33:42]} Bxc4
{[%clk 0:00:40]} 45. Qxc4 {[%clk 0:34:04]} Rec8 {[%clk 0:00:41]} 46. b5
{[%clk 0:33:42]} Kh7 {[%clk 0:00:31]} 47. Rb3 {[%clk 0:33:52]} g5
{[%clk 0:00:33]} 48. hxg5 {[%clk 0:34:08]} Qxg5 {[%clk 0:00:49]} 49. Kg2
{[%clk 0:33:26]} Kg7 {[%clk 0:00:36]} 50. Qd4+ {[%clk 0:33:19]} Kh6
{[%clk 0:00:46]} 51. c7 {[%clk 0:33:24]} Rb7 {[%clk 0:00:35]} 52. Qd6+
{[%clk 0:33:43]} 1-0